[Event "Zonal 2.5 Masculino Chile"]
[Site "Santiago de Chile CHI"]
[Date "2005.11.09"]
[Round "5.12"]
[White "San Martin, Epiro"]
[Black "Romero, Claudio"]
[Result "1/2-1/2"]
[WhiteElo "2193"]
[BlackElo "2226"]
[PlyCount "148"]
[EventDate "2005.11.07"]
[EventType "swiss"]
[EventRounds "9"]
[EventCountry "CHI"]
[Source "lmi"]
[SourceDate "2005.11.13"]

1. e4 c5 2. Nf3 d6 3. d4 cxd4 4. Nxd4 Nf6 5. Nc3 a6 6. f4 e5 7. Nf3 Qc7 8. Bd3
Be7 9. O-O b5 10. a3 O-O 11. Qe1 Nbd7 12. Kh1 Re8 13. fxe5 Nxe5 14. Nd4 Be6 15.
Bg5 Qd8 16. Nf5 Bxf5 17. Rxf5 Nfd7 18. Be3 Nf6 19. Rd1 Qb8 20. Bg5 Nfd7 21. Nd5
Bxg5 22. Rxg5 h6 23. Rg3 Kh8 24. Qe3 Qa7 25. Qd2 Nb6 26. Ne3 Nbc4 27. Bxc4 Nxc4
28. Qc3 Ne5 29. Nf5 Rac8 30. Qd2 Ng6 31. Nxd6 Rcd8 32. Rd3 Ne5 33. Rd5 Rxd6 34.
Rxd6 Nc4 35. Qd4 Qxd4 36. R6xd4 Kh7 37. Rxc4 bxc4 38. Rd4 Rb8 39. Rxc4 Rxb2 40.
Kg1 Ra2 41. Rc3 Kg6 42. Kf2 Kf6 43. Ke3 Ke5 44. g3 g6 45. Kd3 Ra1 46. Rc5+ Kd6
47. Ra5 Rh1 48. Rxa6+ Kd7 49. Rf6 Ke7 50. Rf2 Ra1 51. c4 Rxa3+ 52. Kd4 Ke6 53.
g4 Ra8 54. e5 Rd8+ 55. Ke4 Rd1 56. Rf6+ Kd7 57. Rf3 Ke6 58. Re3 Rd2 59. Rh3
Re2+ 60. Kd4 Rg2 61. Rh4 Rd2+ 62. Kc5 Kxe5 63. Rxh6 Kf4 64. h3 Kg5 65. Rh7 f5
66. gxf5 gxf5 67. Rg7+ Kh4 68. Rf7 Kg5 69. Kc6 Rh2 70. Rh7 f4 71. c5 f3 72. Kb7
Kf4 73. c6 Kg3 74. Rg7+ Kxh3 1/2-1/2

[Event "Zonal 2.5 Masculino Chile"]
[Site "Santiago de Chile CHI"]
[Date "2005.11.10"]
[Round "6.1"]
[White "Vasquez, Rodrigo"]
[Black "Lafuente, Pablo"]
[Result "1/2-1/2"]
[WhiteElo "2506"]
[BlackElo "2421"]
[PlyCount "65"]
[EventDate "2005.11.07"]
[EventType "swiss"]
[EventRounds "9"]
[EventCountry "CHI"]
[Source "lmi"]
[SourceDate "2005.11.13"]

1. e4 c5 2. Nf3 d6 3. d4 cxd4 4. Nxd4 Nf6 5. Nc3 a6 6. Bg5 e6 7. f4 Qc7 8. Bxf6
gxf6 9. Qd2 Nc6 10. O-O-O Bd7 11. Kb1 O-O-O 12. Bc4 Kb8 13. Nxc6+ Qxc6 14. Bb3
Bc8 15. Rhf1 h5 16. Qd3 f5 17. exf5 Qxg2 18. Rd2 Qg4 19. fxe6 fxe6 20. Rdf2 Be7
21. Nd1 d5 22. Ne3 Qh3 23. Qe2 Bc5 24. Rf3 Qh4 25. h3 Rhf8 26. Ng2 Qf6 27. Ne1
Bd6 28. Nd3 Qg7 29. a3 Rf5 30. Qe3 Rdf8 31. Ka2 Qf6 32. R3f2 Be7 33. c4 1/2-1/2

[Event "Zonal 2.5 Masculino Chile"]
[Site "Santiago de Chile CHI"]
[Date "2005.11.10"]
[Round "6.2"]
[White "Flores, Diego"]
[Black "Labollita, Martin"]
[Result "1-0"]
[WhiteElo "2479"]
[BlackElo "2408"]
[PlyCount "61"]
[EventDate "2005.11.07"]
[EventType "swiss"]
[EventRounds "9"]
[EventCountry "CHI"]
[Source "lmi"]
[SourceDate "2005.11.13"]

1. c4 f5 2. g3 Nf6 3. Bg2 g6 4. d3 Bg7 5. e4 d6 6. Ne2 O-O 7. O-O c5 8. exf5
gxf5 9. d4 e5 10. dxe5 dxe5 11. Nbc3 Qxd1 12. Rxd1 Nc6 13. Bxc6 bxc6 14. Be3 f4
15. gxf4 Nd7 16. f5 e4 17. Nxe4 Bxb2 18. Rab1 Bg7 19. N2g3 Bd4 20. Rb3 Ne5 21.
Nxc5 Bxe3 22. Rxe3 Ng4 23. Re4 h5 24. Ne6 Nf6 25. Nxf8 Nxe4 26. Nxe4 Kxf8 27.
Rd8+ Ke7 28. Rh8 Rb8 29. f6+ Ke6 30. Re8+ Kf7 31. Rxc8 1-0

[Event "Zonal 2.5 Masculino Chile"]
[Site "Santiago de Chile CHI"]
[Date "2005.11.10"]
[Round "6.4"]
[White "Duarte, Leonardo"]
[Black "Needleman, Alejandro"]
[Result "1/2-1/2"]
[WhiteElo "2397"]
[BlackElo "2377"]
[PlyCount "28"]
[EventDate "2005.11.07"]
[EventType "swiss"]
[EventRounds "9"]
[EventCountry "CHI"]
[Source "lmi"]
[SourceDate "2005.11.13"]

1. e4 c5 2. Nf3 e6 3. d4 cxd4 4. Nxd4 Nc6 5. Nb5 d6 6. c4 Nf6 7. N1c3 a6 8. Na3
Be7 9. Be2 O-O 10. O-O Bd7 11. Be3 Ne5 12. Rc1 Rb8 13. f3 Qa5 14. Qb3 Nc6
1/2-1/2

[Event "Zonal 2.5 Masculino Chile"]
[Site "Santiago de Chile CHI"]
[Date "2005.11.10"]
[Round "6.5"]
[White "Valdes, Alvaro"]
[Black "Espinoza, Edgar"]
[Result "1/2-1/2"]
[WhiteElo "2254"]
[BlackElo "2256"]
[PlyCount "94"]
[EventDate "2005.11.07"]
[EventType "swiss"]
[EventRounds "9"]
[EventCountry "CHI"]
[Source "lmi"]
[SourceDate "2005.11.13"]

1. c4 g6 2. Nc3 Bg7 3. g3 e5 4. Bg2 d6 5. d3 f5 6. e4 Nf6 7. Nge2 O-O 8. O-O
Nc6 9. f4 Nd4 10. Nxd4 exd4 11. Nd5 c6 12. Nxf6+ Qxf6 13. b4 a5 14. b5 Bd7 15.
a4 fxe4 16. Bxe4 Qd8 17. Ba3 Qc7 18. Qf3 Rac8 19. Rfe1 Rf7 20. Rab1 Rcf8 21.
Qg2 Rd8 22. Rb2 Bf5 23. Bxf5 gxf5 24. bxc6 bxc6 25. Reb1 d5 26. Bc5 Qd7 27. Bb6
Ra8 28. cxd5 cxd5 29. Rb5 Qe6 30. Qf2 Rb7 31. Bxd4 Rxb5 32. axb5 Bxd4 33. Qxd4
Rb8 34. b6 Qc6 35. Rb2 a4 36. Qb4 a3 37. Qxa3 Rxb6 38. Rxb6 Qxb6+ 39. Kg2 Qc6
40. Qb3 Kf7 41. d4 Qe6 42. Qc2 Qe4+ 43. Qxe4 fxe4 44. g4 Kg6 45. h4 h5 46. g5
Kf5 47. Kg3 Kg6 1/2-1/2

[Event "Zonal 2.5 Masculino Chile"]
[Site "Santiago de Chile CHI"]
[Date "2005.11.10"]
[Round "6.6"]
[White "Rojas, Luis"]
[Black "Avalos, Joao"]
[Result "1-0"]
[WhiteElo "2435"]
[BlackElo "2268"]
[PlyCount "137"]
[EventDate "2005.11.07"]
[EventType "swiss"]
[EventRounds "9"]
[EventCountry "CHI"]
[Source "lmi"]
[SourceDate "2005.11.13"]

1. e4 c5 2. Nf3 e6 3. d4 cxd4 4. Nxd4 a6 5. c4 Nf6 6. Nc3 Qc7 7. a3 b6 8. Bd3
Bb7 9. Qe2 Bd6 10. Nf3 Nc6 11. O-O Ng4 12. h3 Nge5 13. Nxe5 Nxe5 14. f4 Nxd3
15. Qxd3 O-O 16. Bd2 Rac8 17. b3 Bxa3 18. f5 Bc5+ 19. Kh1 Qd6 20. Qe2 Qe5 21.
Rf3 Bd4 22. Re1 Rfe8 23. Qd3 Bc5 24. f6 gxf6 25. Na4 Qd4 26. Nxc5 bxc5 27. Rg3+
Kf8 28. Qxd4 cxd4 29. Bb4+ Re7 30. e5 fxe5 31. Rxe5 f5 32. Rd3 Kf7 33. Bxe7
Kxe7 34. Rxd4 Rg8 35. Re2 Rg3 36. Rh4 Rxb3 37. Rxh7+ Kf6 38. Rxd7 Rxh3+ 39. Kg1
Rb3 40. Rd6 Be4 41. Ra2 Rc3 42. Raxa6 Rxc4 43. Rxe6+ Kg5 44. Ra5 Kf4 45. Ra2
Rc1+ 46. Kh2 Rc7 47. Rf2+ Kg5 48. Re8 Rh7+ 49. Kg1 Rg7 50. Rb2 Kf4 51. Rc8 Rg6
52. Rc3 Rg7 53. Rf2+ Kg4 54. Kh2 Rd7 55. Rg3+ Kh5 56. Rb2 Kh6 57. Rb6+ Kh7 58.
Rb2 Rc7 59. Rf2 Rc6 60. Rf4 Rb6 61. Kg1 Rb1+ 62. Kf2 Rb2+ 63. Ke1 Rb6 64. Kd2
Rc6 65. Rh4+ Rh6 66. Rxh6+ Kxh6 67. Ke3 Kh5 68. Kf4 Kh6 69. Rg5 1-0

[Event "Zonal 2.5 Masculino Chile"]
[Site "Santiago de Chile CHI"]
[Date "2005.11.10"]
[Round "6.7"]
[White "Arancibia, Eduardo"]
[Black "Maturana, Ignacio"]
[Result "1-0"]
[WhiteElo "2414"]
[BlackElo "2096"]
[PlyCount "69"]
[EventDate "2005.11.07"]
[EventType "swiss"]
[EventRounds "9"]
[EventCountry "CHI"]
[Source "lmi"]
[SourceDate "2005.11.13"]

1. d4 Nf6 2. Nf3 d6 3. Nc3 Bg4 4. e4 Nbd7 5. e5 dxe5 6. dxe5 Bxf3 7. Qxf3 Nxe5
8. Qxb7 Qc8 9. Qxc8+ Rxc8 10. Ba6 Rb8 11. Bf4 Nfd7 12. O-O-O c6 13. Rhe1 f6 14.
Ne4 g5 15. Be3 Bg7 16. Ng3 Nb6 17. Nf5 Kf7 18. Bd4 Nbd7 19. Bc4+ Kf8 20. Be6 c5
21. Bc3 Nb6 22. Bxe5 fxe5 23. Nxg7 Kxg7 24. Rxe5 c4 25. Rde1 h6 26. R5e4 Rhf8
27. R1e2 Rb7 28. Bxc4 Nxc4 29. Rxc4 Rd8 30. b3 Rd6 31. Rce4 Kf6 32. Rd2 Rc6 33.
Kb2 e5 34. Rd5 Re7 35. c4 1-0

[Event "Zonal 2.5 Masculino Chile"]
[Site "Santiago de Chile CHI"]
[Date "2005.11.10"]
[Round "6.8"]
[White "Flores, Mauricio"]
[Black "Diaz, Robert"]
[Result "1-0"]
[WhiteElo "2314"]
[BlackElo "2250"]
[PlyCount "77"]
[EventDate "2005.11.07"]
[EventType "swiss"]
[EventRounds "9"]
[EventCountry "CHI"]
[Source "lmi"]
[SourceDate "2005.11.13"]

1. e4 e5 2. Nc3 Nf6 3. g3 c6 4. Nf3 d6 5. Bg2 Be7 6. O-O O-O 7. d4 Nbd7 8. a4
Re8 9. Re1 Bf8 10. a5 Qc7 11. h3 g6 12. d5 h6 13. Be3 Kh7 14. Bf1 a6 15. Nd2 c5
16. Nc4 Ng8 17. Qf3 Kg7 18. g4 Be7 19. Qg3 Qd8 20. Bd3 Bh4 21. Qg2 Qe7 22. Rf1
Bg5 23. Qg3 Ngf6 24. Rab1 Rb8 25. Na4 Rd8 26. b4 Bxe3 27. Nxe3 cxb4 28. Rxb4
Nf8 29. Rfb1 Qc7 30. Nb6 N8d7 31. Rc4 Nc5 32. f4 Re8 33. Rf1 Qe7 34. Rxc5 dxc5
35. Nec4 Nd7 36. fxe5 Nxb6 37. axb6 Bd7 38. e6 fxe6 39. d6 1-0

[Event "Zonal 2.5 Masculino Chile"]
[Site "Santiago de Chile CHI"]
[Date "2005.11.10"]
[Round "6.9"]
[White "Torres, Cristobal"]
[Black "Rios, Adan"]
[Result "1/2-1/2"]
[WhiteElo "2190"]
[BlackElo "2259"]
[PlyCount "139"]
[EventDate "2005.11.07"]
[EventType "swiss"]
[EventRounds "9"]
[EventCountry "CHI"]
[Source "lmi"]
[SourceDate "2005.11.13"]

1. Nf3 c5 2. c4 Nf6 3. Nc3 Nc6 4. d4 cxd4 5. Nxd4 d5 6. cxd5 Nxd5 7. Nxc6 bxc6
8. e4 Nxc3 9. Qxd8+ Kxd8 10. bxc3 e5 11. Bc4 Bc5 12. Ke2 Rb8 13. Rd1+ Ke7 14.
Be3 Bxe3 15. Kxe3 g6 16. Rd2 f5 17. exf5 gxf5 18. f4 e4 19. Rad1 Rb7 20. Rd6
Rc7 21. Rh6 Bd7 22. Rdd6 Kf8 23. Be6 Bxe6 24. Rhxe6 Kg7 25. g4 fxg4 26. f5 Rb8
27. Kxe4 Rb2 28. Kf4 Rxh2 29. Kg5 g3 30. f6+ Kf7 31. Re3 h6+ 32. Kf4 Rf2+ 33.
Ke5 Rg2 34. Kf4 Rf2+ 35. Ke5 Rb7 36. c4 Rg2 37. Kf4 Rc2 38. Rxc6 g2 39. Rg3 Ke8
40. Rc8+ Kd7 41. Rcg8 Rxc4+ 42. Kf3 Rc3+ 43. Kxg2 Rb2+ 44. Kh3 Rxg3+ 45. Rxg3
a5 46. Rf3 Ke8 47. a3 a4 48. Kh4 Rb3 49. Rf5 Kf7 50. Ra5 Rxa3 51. Ra6 Ra1 52.
Kh3 h5 53. Kg3 Kg6 54. Kh3 Ra2 55. Kg3 Ra1 56. Kh3 Rh1+ 57. Kg2 Rh4 58. Kg3
Rg4+ 59. Kh3 Rb4 60. Kg3 h4+ 61. Kh3 Rf4 62. Kh2 Re4 63. Kh3 Rb4 64. Kh2 Rb2+
65. Kh3 Ra2 66. Kxh4 Kf7 67. Kg3 a3 68. Kh3 Ra1 69. Kg2 a2 70. Kh2 1/2-1/2

[Event "Zonal 2.5 Masculino Chile"]
[Site "Santiago de Chile CHI"]
[Date "2005.11.10"]
[Round "6.10"]
[White "Richter Becerra, Hans"]
[Black "Sepulveda, Jorge"]
[Result "0-1"]
[WhiteElo "2144"]
[BlackElo "2242"]
[PlyCount "30"]
[EventDate "2005.11.07"]
[EventType "swiss"]
[EventRounds "9"]
[EventCountry "CHI"]
[Source "lmi"]
[SourceDate "2005.11.13"]

1. d4 Nf6 2. c4 e6 3. Nf3 c5 4. d5 exd5 5. cxd5 d6 6. Nc3 g6 7. Bf4 Bg7 8. Qa4+
Bd7 9. Qb3 Qc7 10. Bxd6 Qxd6 11. Qxb7 Qb6 12. Qxa8 Qxb2 13. Rb1 Qxc3+ 14. Nd2
O-O 15. f3 Bh6 0-1

[Event "Zonal 2.5 Masculino Chile"]
[Site "Santiago de Chile CHI"]
[Date "2005.11.10"]
[Round "6.12"]
[White "Bartucevic, Diego"]
[Black "San Martin, Epiro"]
[Result "1-0"]
[WhiteElo "2053"]
[BlackElo "2193"]
[PlyCount "83"]
[EventDate "2005.11.07"]
[EventType "swiss"]
[EventRounds "9"]
[EventCountry "CHI"]
[Source "lmi"]
[SourceDate "2005.11.13"]

1. e4 c5 2. Nc3 d6 3. Nf3 Nf6 4. d4 cxd4 5. Nxd4 a6 6. f4 e5 7. Nf3 Qc7 8. a4
Nbd7 9. Bd3 b6 10. O-O Bb7 11. Qe2 Be7 12. f5 O-O 13. Bg5 Nc5 14. Bxf6 Bxf6 15.
Bc4 Rab8 16. Bd5 Bc8 17. Nd2 b5 18. Rf3 bxa4 19. Rh3 Rxb2 20. Nc4 Rb4 21. Qh5
h6 22. Qg6 Bg5 23. f6 Bxf6 24. Rxh6 Re8 25. Bxf7+ Qxf7 26. Rh8+ Kxh8 27. Qxf7
Rd8 28. Nxd6 Rxd6 29. Qf8+ Kh7 30. Qxd6 Rc4 31. Nd5 Nxe4 32. Nxf6+ gxf6 33.
Qe7+ Kg6 34. Rxa4 Rxa4 35. Qe8+ Kg5 36. Qxa4 Bb7 37. Qb3 Bc6 38. Qg8+ Kf4 39.
Qc4 Bb5 40. Qb3 Nd2 41. Qg3+ Ke4 42. Qe1+ 1-0

[Event "Zonal 2.5 Masculino Chile"]
[Site "Santiago de Chile CHI"]
[Date "2005.11.10"]
[Round "7.1"]
[White "Vasquez, Rodrigo"]
[Black "Giaccio, Alfredo"]
[Result "0-1"]
[WhiteElo "2506"]
[BlackElo "2468"]
[PlyCount "70"]
[EventDate "2005.11.07"]
[EventType "swiss"]
[EventRounds "9"]
[EventCountry "CHI"]
[Source "lmi"]
[SourceDate "2005.11.13"]

1. d4 d5 2. c4 e6 3. Nf3 c6 4. Qc2 Nd7 5. g3 Ngf6 6. Bg2 Bd6 7. O-O O-O 8. Bf4
Bxf4 9. gxf4 Ne4 10. e3 Qe7 11. Nbd2 Nd6 12. Rac1 Re8 13. Kh1 Kh8 14. Rg1 f6
15. Bh3 Nxc4 16. Nxc4 dxc4 17. Rg3 b5 18. Rcg1 c5 19. Bxe6 Qxe6 20. Rxg7 Qh3
21. R1g3 Qf1+ 22. Ng1 Qd3 23. Qc1 Bb7+ 24. f3 Rad8 25. e4 Rg8 26. Re7 Rxg3 27.
hxg3 Qxd4 28. e5 Qd3 29. Kg2 Bxf3+ 30. Nxf3 Qe2+ 31. Kh3 Qxf3 32. Qc2 Qh1+ 33.
Kg4 fxe5 34. Qc3 Nf6+ 35. Kf5 Rf8 0-1

[Event "Zonal 2.5 Masculino Chile"]
[Site "Santiago de Chile CHI"]
[Date "2005.11.10"]
[Round "7.2"]
[White "Lafuente, Pablo"]
[Black "Flores, Diego"]
[Result "0-1"]
[WhiteElo "2421"]
[BlackElo "2479"]
[PlyCount "44"]
[EventDate "2005.11.07"]
[EventType "swiss"]
[EventRounds "9"]
[EventCountry "CHI"]
[Source "lmi"]
[SourceDate "2005.11.13"]

1. d4 Nf6 2. c4 e6 3. g3 c5 4. d5 exd5 5. cxd5 b5 6. Bg2 d6 7. Nh3 g6 8. b3 Bg7
9. Bb2 O-O 10. Nf4 Nbd7 11. O-O Re8 12. Nd2 Ne5 13. Nf3 Nxf3+ 14. Bxf3 a5 15.
Re1 a4 16. e4 a3 17. Bc3 b4 18. Bd2 Ba6 19. Ng2 Ra7 20. Bf4 Rae7 21. Qc2 Nxe4
22. Rac1 Ng5 0-1

[Event "Zonal 2.5 Masculino Chile"]
[Site "Santiago de Chile CHI"]
[Date "2005.11.10"]
[Round "7.4"]
[White "Needleman, Alejandro"]
[Black "Arancibia, Eduardo"]
[Result "0-1"]
[WhiteElo "2377"]
[BlackElo "2414"]
[PlyCount "76"]
[EventDate "2005.11.07"]
[EventType "swiss"]
[EventRounds "9"]
[EventCountry "CHI"]
[Source "lmi"]
[SourceDate "2005.11.13"]

1. Nf3 d5 2. d4 Nf6 3. g3 c6 4. Bg2 Bg4 5. Ne5 Bh5 6. c4 e6 7. Nc3 Nbd7 8. Bf4
Qb6 9. O-O Nxe5 10. dxe5 Nd7 11. cxd5 cxd5 12. Bxd5 Qxb2 13. Qa4 Qb4 14. Bxb7
Qxb7 15. Rab1 Qc8 16. Rfd1 Bg6 17. Rb2 Bc5 18. Rbd2 O-O 19. Rxd7 Bxf2+ 20. Kxf2
Qxc3 21. Qd4 Qa5 22. Bd2 Qxa2 23. Bb4 Rfe8 24. Ra1 Qc2 25. Raxa7 Rxa7 26. Rxa7
h5 27. h4 Rc8 28. Bd2 Qf5+ 29. Bf4 Qh3 30. Rc7 Qh2+ 31. Ke1 Rb8 32. Kd2 Qg2 33.
Rd7 Kh7 34. Rc7 Rb3 35. Rd7 Ra3 36. Qc4 Qf1 37. Rd8 Ra1 38. Rd4 Qe1+ 0-1

[Event "Zonal 2.5 Masculino Chile"]
[Site "Santiago de Chile CHI"]
[Date "2005.11.10"]
[Round "7.5"]
[White "Labollita, Martin"]
[Black "Duarte, Leonardo"]
[Result "1-0"]
[WhiteElo "2408"]
[BlackElo "2397"]
[PlyCount "83"]
[EventDate "2005.11.07"]
[EventType "swiss"]
[EventRounds "9"]
[EventCountry "CHI"]
[Source "lmi"]
[SourceDate "2005.11.13"]

1. g3 g6 2. Bg2 Bg7 3. f4 c5 4. e4 Nc6 5. d3 e6 6. Ne2 Nge7 7. O-O Rb8 8. Nd2
d6 9. Nf3 Nd4 10. Nh4 O-O 11. Kh1 b5 12. c3 Nxe2 13. Qxe2 b4 14. c4 Nc6 15. Qf2
Nd4 16. Nf3 Nxf3 17. Bxf3 f5 18. Be3 Bb7 19. Rad1 e5 20. exf5 exf4 21. gxf4
Bxf3+ 22. Qxf3 Rxf5 23. d4 Qf6 24. dxc5 dxc5 25. Rd5 b3 26. axb3 Rxb3 27. Qe4
Rxb2 28. Bxc5 h5 29. Bd4 Rxh2+ 30. Kxh2 Qh4+ 31. Kg1 Qg3+ 32. Qg2 Qxg2+ 33.
Kxg2 Rxd5 34. cxd5 Bxd4 35. d6 Kf7 36. d7 Bf6 37. Re1 Be7 38. Re5 Kf6 39. Kf3
g5 40. Rxg5 Ke6 41. Rxh5 Kxd7 42. Ra5 1-0

[Event "Zonal 2.5 Masculino Chile"]
[Site "Santiago de Chile CHI"]
[Date "2005.11.10"]
[Round "7.6"]
[White "Espinoza, Edgar"]
[Black "Flores, Mauricio"]
[Result "1-0"]
[WhiteElo "2256"]
[BlackElo "2314"]
[PlyCount "53"]
[EventDate "2005.11.07"]
[EventType "swiss"]
[EventRounds "9"]
[EventCountry "CHI"]
[Source "lmi"]
[SourceDate "2005.11.13"]

1. c4 g6 2. Nc3 Bg7 3. g3 d6 4. Bg2 Nf6 5. d4 O-O 6. Nf3 Nbd7 7. O-O e5 8. d5
a5 9. Ne1 Nc5 10. e4 c6 11. Nd3 Na6 12. b3 cxd5 13. cxd5 Bd7 14. a4 b6 15. Ba3
Ne8 16. Rc1 h5 17. Nb2 Nc5 18. Nc4 Rb8 19. f4 Bg4 20. Qc2 f6 21. f5 h4 22. h3
Bh5 23. g4 gxf5 24. gxh5 f4 25. Bxc5 bxc5 26. Nb5 Bh6 27. Bf3 1-0

[Event "Zonal 2.5 Masculino Chile"]
[Site "Santiago de Chile CHI"]
[Date "2005.11.10"]
[Round "7.10"]
[White "Silva, Rodolfo"]
[Black "Rios, Adan"]
[Result "0-1"]
[WhiteElo "2179"]
[BlackElo "2259"]
[PlyCount "114"]
[EventDate "2005.11.07"]
[EventType "swiss"]
[EventRounds "9"]
[EventCountry "CHI"]
[Source "lmi"]
[SourceDate "2005.11.13"]

1. e4 c5 2. Nf3 d6 3. d4 cxd4 4. Nxd4 Nf6 5. Nc3 Nc6 6. Bc4 Qb6 7. Nb3 e6 8.
O-O Be7 9. a3 a6 10. Be3 Qc7 11. Nd2 b5 12. Ba2 O-O 13. Qe2 Bb7 14. f4 b4 15.
axb4 Nxb4 16. Bb3 d5 17. e5 Nd7 18. Nf3 Bc5 19. Kh1 Bxe3 20. Qxe3 Nc5 21. Nd4
Nxb3 22. cxb3 g6 23. Rf3 Rfc8 24. Raf1 Nc6 25. Nce2 Ne7 26. Qf2 Qd8 27. Rh3 Nf5
28. Nxf5 exf5 29. Qd4 Rc2 30. Ng1 Qa5 31. Nf3 Qc5 32. Qxc5 Rxc5 33. Nd4 Rac8
34. Rd1 a5 35. Re3 Rc1 36. Ree1 Rxd1 37. Rxd1 f6 38. exf6 Re8 39. Kg1 Re4 40.
g3 Kf7 41. Kf2 Kxf6 42. Rd3 h6 43. Rd2 g5 44. fxg5+ hxg5 45. Rd3 g4 46. Ne2
Rxe2+ 47. Kxe2 Ba6 48. Ke3 Bxd3 49. Kxd3 Ke5 50. Ke3 d4+ 51. Kd3 Kd5 52. Kd2
Ke4 53. Ke2 d3+ 54. Kd2 Kd4 55. Kd1 Ke3 56. Ke1 d2+ 57. Kd1 Kd3 0-1

[Event "Zonal 2.5 Masculino Chile"]
[Site "Santiago de Chile CHI"]
[Date "2005.11.10"]
[Round "7.11"]
[White "Maturana, Ignacio"]
[Black "Torres, Cristobal"]
[Result "0-1"]
[WhiteElo "2096"]
[BlackElo "2190"]
[PlyCount "110"]
[EventDate "2005.11.07"]
[EventType "swiss"]
[EventRounds "9"]
[EventCountry "CHI"]
[Source "lmi"]
[SourceDate "2005.11.13"]

1. e4 c5 2. Nc3 Nc6 3. f4 d6 4. Bc4 g6 5. Nf3 Bg7 6. d3 e6 7. f5 exf5 8. O-O
Nge7 9. Qe1 Ne5 10. Bg5 h6 11. Bxe7 Qxe7 12. Nd5 Qd8 13. Bb5+ Kf8 14. Nxe5 Bxe5
15. Bc4 a6 16. a4 b6 17. c3 Rb8 18. Rd1 b5 19. axb5 axb5 20. Ba2 Bg7 21. d4 c4
22. exf5 Bb7 23. Nf4 gxf5 24. Bb1 Qg5 25. Bxf5 Bf6 26. d5 Re8 27. Qd2 Qxf5 28.
Ne6+ fxe6 29. Rxf5 exf5 30. Qf2 Rh7 31. Qxf5 Rf7 32. Qh5 Bg5 33. h4 Be3+ 34.
Kh1 Re5 35. Qg6 Ke7 36. Qg8 Bxd5 37. Qc8 Rf4 38. Qc7+ Ke8 39. Qc8+ Kf7 40. Kh2
Rxh4+ 41. Kg3 Rg5+ 42. Kxh4 Bf2+ 43. Kh3 Be6+ 44. Qxe6+ Kxe6 45. g4 h5 46. gxh5
Rxh5+ 47. Kg4 Rh2 48. Rb1 Kd5 49. b3 cxb3 50. Rxb3 Ke5 51. Kf3 Be1 52. Ra3 Rh3+
53. Ke2 Bxc3 54. Kd1 b4 55. Ra5+ Ke4 0-1

[Event "Zonal 2.5 Masculino Chile"]
[Site "Santiago de Chile CHI"]
[Date "2005.11.11"]
[Round "8.1"]
[White "Flores, Diego"]
[Black "Giaccio, Alfredo"]
[Result "0-1"]
[WhiteElo "2479"]
[BlackElo "2468"]
[PlyCount "92"]
[EventDate "2005.11.07"]
[EventType "swiss"]
[EventRounds "9"]
[EventCountry "CHI"]
[Source "lmi"]
[SourceDate "2005.11.13"]

1. c4 e5 2. g3 Nc6 3. Bg2 g6 4. Nc3 Bg7 5. e3 d6 6. Nge2 f5 7. O-O Nf6 8. d3
Bd7 9. Rb1 Rb8 10. b4 a6 11. a4 a5 12. b5 Nb4 13. Nd5 c5 14. bxc6 bxc6 15. Nxb4
axb4 16. c5 dxc5 17. Qc2 Qe7 18. Bb2 O-O 19. Rfc1 e4 20. dxe4 Nxe4 21. Bxg7
Kxg7 22. f3 Ng5 23. Qxc5 Qxc5 24. Rxc5 Ne6 25. Re5 c5 26. f4 Rfe8 27. a5 Bb5
28. Nc1 Kf6 29. Nb3 Bd3 30. Rc1 c4 31. Bd5 cxb3 32. Bxb3 Be4 33. g4 Ng5 34.
Rxe8 Nf3+ 35. Kf2 Rxe8 36. g5+ Ke7 37. Rc7+ Kd6 38. Rxh7 Nd2 39. Ba4 Bc6 40.
Bxc6 Kxc6 41. Ke2 Nc4 42. Kd3 Nxa5 43. h4 b3 44. Rh6 b2 45. Rxg6+ Kc5 46. Kc2
Rb8 0-1

[Event "Zonal 2.5 Masculino Chile"]
[Site "Santiago de Chile CHI"]
[Date "2005.11.11"]
[Round "8.2"]
[White "Arancibia, Eduardo"]
[Black "Vasquez, Rodrigo"]
[Result "0-1"]
[WhiteElo "2414"]
[BlackElo "2506"]
[PlyCount "104"]
[EventDate "2005.11.07"]
[EventType "swiss"]
[EventRounds "9"]
[EventCountry "CHI"]
[Source "lmi"]
[SourceDate "2005.11.13"]

1. d4 Nf6 2. Nf3 g6 3. Nc3 Bg7 4. e4 d6 5. h3 O-O 6. Be3 b6 7. Bd3 Bb7 8. O-O
Nbd7 9. a4 a6 10. Nd2 e5 11. d5 Nh5 12. Re1 Qe8 13. Nf3 Bc8 14. Ra3 Nc5 15. Bf1
f5 16. b4 Nxe4 17. Nxe4 fxe4 18. Nd2 Nf6 19. c4 a5 20. b5 h6 21. g3 g5 22. Bg2
g4 23. h4 Bf5 24. Qc2 Qg6 25. Ra2 Rf7 26. Ra3 Raf8 27. Ra2 h5 28. Re2 Kh7 29.
Ra3 Bh6 30. Rc3 Kg7 31. Ra3 Nd7 32. Bxe4 Bxe3 33. Raxe3 Nc5 34. Bxf5 Rxf5 35.
Ne4 Nxe4 36. Qxe4 Qh6 37. Qd3 R8f6 38. Qe4 Qg6 39. Qd3 Qf7 40. Qc2 Rf3 41. Kg2
R6f5 42. Kg1 Rf6 43. Kg2 Kg8 44. Kg1 Kg7 45. Kg2 Qg6 46. Qxg6+ Kxg6 47. Kf1
Rxe3 48. Rxe3 Rf5 49. f3 Kf6 50. Kg2 Rxf3 51. Rxf3+ gxf3+ 52. Kxf3 Kf5 0-1

[Event "Zonal 2.5 Masculino Chile"]
[Site "Santiago de Chile CHI"]
[Date "2005.11.11"]
[Round "8.4"]
[White "Rojas, Luis"]
[Black "Espinoza, Edgar"]
[Result "1-0"]
[WhiteElo "2435"]
[BlackElo "2256"]
[PlyCount "67"]
[EventDate "2005.11.07"]
[EventType "swiss"]
[EventRounds "9"]
[EventCountry "CHI"]
[Source "lmi"]
[SourceDate "2005.11.13"]

1. e4 c6 2. d4 d5 3. Nd2 dxe4 4. Nxe4 Bf5 5. Ng3 Bg6 6. h4 h6 7. Nh3 Nf6 8. Nf4
Bh7 9. Bc4 e6 10. O-O Bd6 11. c3 O-O 12. Re1 Nbd7 13. Nxe6 fxe6 14. Rxe6 Kh8
15. Rxd6 Ne8 16. Re6 Bg8 17. Bxh6 Qxh4 18. Be3 Bxe6 19. Bxe6 Ndf6 20. c4 Nc7
21. Bh3 g6 22. Qd2 Rad8 23. Bf4 Rf7 24. Be5 b6 25. Re1 Kh7 26. Re3 Nce8 27. Be6
Re7 28. Bxf6 Nxf6 29. Nf5 gxf5 30. Bxf5+ Kg8 31. Rxe7 Rxd4 32. Qe2 Qh6 33. Qe6+
Kh8 34. Re8+ 1-0

[Event "Zonal 2.5 Masculino Chile"]
[Site "Santiago de Chile CHI"]
[Date "2005.11.11"]
[Round "8.6"]
[White "Duarte, Leonardo"]
[Black "Diaz, Robert"]
[Result "1/2-1/2"]
[WhiteElo "2397"]
[BlackElo "2250"]
[PlyCount "65"]
[EventDate "2005.11.07"]
[EventType "swiss"]
[EventRounds "9"]
[EventCountry "CHI"]
[Source "lmi"]
[SourceDate "2005.11.13"]

1. e4 e6 2. d4 d5 3. Nc3 Bb4 4. e5 Ne7 5. a3 Bxc3+ 6. bxc3 c5 7. Qg4 Kf8 8. Nf3
Qa5 9. Bd2 Qa4 10. Kd1 h6 11. h4 b6 12. h5 Nbc6 13. Qf4 cxd4 14. cxd4 Ba6 15.
Bxa6 Qxa6 16. g4 Rc8 17. Rg1 Qc4 18. Rc1 Ke8 19. Be3 Na5 20. Nh4 Qa4 21. g5 Kd7
22. gxh6 gxh6 23. Rg7 Rhg8 24. Qxf7 Rxg7 25. Qxg7 Rg8 26. Qxh6 Rg1+ 27. Ke2
Rxc1 28. Bxc1 Qxc2+ 29. Kf3 Qd1+ 30. Kg3 Qg1+ 31. Kf3 Qd1+ 32. Kg3 Qg1+ 33. Kf3
1/2-1/2

[Event "Zonal 2.5 Masculino Chile"]
[Site "Santiago de Chile CHI"]
[Date "2005.11.11"]
[Round "8.7"]
[White "Torres, Cristobal"]
[Black "Needleman, Alejandro"]
[Result "0-1"]
[WhiteElo "2190"]
[BlackElo "2377"]
[PlyCount "50"]
[EventDate "2005.11.07"]
[EventType "swiss"]
[EventRounds "9"]
[EventCountry "CHI"]
[Source "lmi"]
[SourceDate "2005.11.13"]

1. Nf3 Nf6 2. d4 c5 3. c4 cxd4 4. Nxd4 e5 5. Nb5 d5 6. cxd5 Bc5 7. e3 O-O 8.
N5c3 e4 9. a3 Qe7 10. b4 Bd6 11. Bb2 a5 12. b5 Nbd7 13. Nd2 Nc5 14. Nb3 Bg4 15.
Qc2 Rac8 16. h3 Na4 17. hxg4 Nxc3 18. Qd2 Na4 19. Be2 Nxb2 20. Qxb2 Nxd5 21.
Nd4 g6 22. Rh3 Rfd8 23. Kf1 Be5 24. g3 Nxe3+ 25. fxe3 Rxd4 0-1